[Event "RUS-UKR m g/3"]
[Site "bereg.ru Int"]
[Date "2003.12.14"]
[Round "2"]
[White "Najer, Evgeniy"]
[Black "Karjakin, Sergey"]
[Result "1-0"]
[WhiteElo "2608"]
[BlackElo "2562"]
[PlyCount "107"]
[EventDate "2003.12.14"]
[EventType "schev (blitz)"]
[EventRounds "16"]
[EventCountry "NET"]
[SourceTitle "CBM 097 Extra"]
[Source "ChessBase"]
[SourceDate "2004.01.13"]
[SourceVersion "1"]
[SourceVersionDate "2004.01.13"]
[SourceQuality "1"]

1. e4 c5 2. Nc3 d6 3. Nf3 a6 4. d4 cxd4 5. Nxd4 Nf6 6. f3 e5 7. Nb3 Be6 8. Be3
Be7 9. Qd2 h5 10. O-O-O Nbd7 11. Kb1 Qc7 12. h3 h4 13. Bd3 b5 14. f4 Nb6 15.
Bxb6 Qxb6 16. Rhe1 O-O 17. Nd5 Nxd5 18. exd5 Bxd5 19. Qe2 e4 20. Bxe4 Bxe4 21.
Qxe4 Bf6 22. Qd5 Rfe8 23. a3 Qf2 24. Qd2 Qxd2 25. Nxd2 d5 26. Nf3 Re4 27. Rxd5
Rxf4 28. c3 Kh7 29. Rd7 Kg6 30. Kc2 a5 31. Kb3 Rc8 32. Ne5+ Bxe5 33. Rxe5 b4
34. cxb4 axb4 35. axb4 Rf2 36. Rc5 Rb8 37. Rcc7 Rxg2 38. Rxf7 Kh6 39. Rf4 Rg3+
40. Rc3 g5 41. Rfc4 Kh5 42. Rxg3 hxg3 43. Rg4 Rb7 44. Rxg3 Kh4 45. Rg4+ Kh5 46.
Rc4 Kg6 47. Ka4 Kf5 48. b5 Ke5 49. Rc5+ Kf4 50. Kb4 Rh7 51. Rc3 Ke5 52. b6 Kd6
53. Kb5 Kd7 54. Rc7+ 1-0

[Event "RUS-UKR m g/3"]
[Site "bereg.ru Int"]
[Date "2003.12.14"]
[Round "6"]
[White "Virovlansky, Semen"]
[Black "Karjakin, Sergey"]
[Result "1-0"]
[WhiteElo "2438"]
[BlackElo "2562"]
[PlyCount "137"]
[EventDate "2003.12.14"]
[EventType "schev (blitz)"]
[EventRounds "16"]
[EventCountry "NET"]
[SourceTitle "CBM 097 Extra"]
[Source "ChessBase"]
[SourceDate "2004.01.13"]
[SourceVersion "1"]
[SourceVersionDate "2004.01.13"]
[SourceQuality "1"]

1. d4 d5 2. c4 c6 3. Nf3 Nf6 4. e3 a6 5. Nbd2 Bf5 6. Qb3 Qc7 7. Bd3 Bg6 8. O-O
e6 9. Ne5 Nbd7 10. f4 Bd6 11. c5 Be7 12. Qc2 Bxd3 13. Qxd3 O-O 14. b4 Nxe5 15.
fxe5 Nd7 16. Bb2 f6 17. exf6 Bxf6 18. e4 Bg5 19. Nf3 Bf4 20. e5 Rf7 21. g3 Bh6
22. Bc1 Bxc1 23. Raxc1 h6 24. Nh4 Raf8 25. Ng6 Rxf1+ 26. Rxf1 Rxf1+ 27. Qxf1
Qd8 28. h4 Qe8 29. h5 Qf7 30. Qxf7+ Kxf7 31. Kf2 b6 32. Ke3 bxc5 33. bxc5 a5
34. Kd3 Nb8 35. Kc3 Na6 36. a3 Nc7 37. Kb3 Nb5 38. Ka4 Ke8 39. Kxa5 Nxa3 40.
Kb6 Kd7 41. Nf8+ Ke7 42. Ng6+ Kd7 43. Nf8+ Ke7 44. Kxc6 Kxf8 45. Kd7 Nb5 46. c6
g6 47. g4 Kf7 48. c7 Na7 49. c8=Q Nxc8 50. Kxc8 gxh5 51. gxh5 Ke8 52. Kc7 Ke7
53. Kc6 Kf7 54. Kd6 Kf8 55. Kxe6 Ke8 56. Kxd5 Ke7 57. e6 Ke8 58. Kd6 Kd8 59.
e7+ Ke8 60. d5 Kf7 61. Kd7 Kf6 62. e8=Q Kf5 63. Qg6+ Kf4 64. Qxh6+ Kf3 65. Qg6
Kf2 66. h6 Ke2 67. h7 Ke3 68. h8=Q Kf4 69. Qh4+ 1-0

[Event "RUS-UKR m g/3"]
[Site "bereg.ru Int"]
[Date "2003.12.14"]
[Round "16"]
[White "Karjakin, Sergey"]
[Black "Riazantsev, Alexander"]
[Result "0-1"]
[WhiteElo "2562"]
[BlackElo "2572"]
[PlyCount "62"]
[EventDate "2003.12.14"]
[EventType "schev (blitz)"]
[EventRounds "16"]
[EventCountry "NET"]
[SourceTitle "CBM 097 Extra"]
[Source "ChessBase"]
[SourceDate "2004.01.13"]
[SourceVersion "1"]
[SourceVersionDate "2004.01.13"]
[SourceQuality "1"]

1. e4 c6 2. d4 d5 3. Nc3 dxe4 4. Nxe4 Bf5 5. Ng3 Bg6 6. h4 h6 7. Nf3 Nd7 8. h5
Bh7 9. Bd3 Bxd3 10. Qxd3 e6 11. Bf4 Ngf6 12. O-O-O Nd5 13. Bd2 Nb4 14. Qb3 a5
15. Kb1 Be7 16. c4 O-O 17. a3 Na6 18. Bf4 b5 19. cxb5 cxb5 20. Qxb5 Nb6 21. Bd2
Nd5 22. Bxa5 Nac7 23. Bxc7 Qxc7 24. Rc1 Qa7 25. Rc2 Rfb8 26. Qd3 Bxa3 27. Kc1
Rxb2 28. Rxb2 Rb8 29. Kd1 Rxb2 30. Nd2 Bb4 31. Nb3 Qa4 0-1

[Event "Pamplona"]
[Site "Pamplona"]
[Date "2003.12.26"]
[Round "5"]
[White "Karjakin, Sergey"]
[Black "Pelletier, Yannick"]
[Result "0-1"]
[WhiteElo "2562"]
[BlackElo "2604"]
[Annotator "Ribli,Z"]
[PlyCount "80"]
[EventDate "2003.12.20"]
[EventType "tourn"]
[EventRounds "7"]
[EventCountry "ESP"]
[EventCategory "15"]
[SourceTitle "CBM 099"]
[Source "ChessBase"]
[SourceDate "2004.03.30"]
[SourceVersion "1"]
[SourceVersionDate "2004.03.30"]
[SourceQuality "1"]

1. e4 {Ftacnik} c5 2. Nf3 e6 3. d4 cxd4 4. Nxd4 Nc6 5. Nc3 Qc7 6. Be3 a6 7. Qd2
Nf6 8. O-O-O Bb4 9. f3 Ne5 {Statt dieser Fortsetzung hat Schwarz die
Alternativen 9...Ne7 und in der letzten Zeit auch 9...Na5, aber der Textzug
ist die Hauptvariante.} 10. Nb3 b5 11. Kb1 Be7 12. Bd4 {Ftacnik: 'This move is
rather artificial. The bishop on d4 doesn't in fact want to take the enemy
knight, so it is possible to talk about the loss of a tempo.'} d6 {Das ist die
gewöhnlich gespielte Fortsetzung, aber 12...Bb7 kommt auch in Betracht.} (12...
Bb7 13. Qg5 (13. Qf2 O-O 14. g4 b4 15. g5 bxc3 {1/2-1/2 Handke,F-Teske,H/
Wattenscheid GER 2003/(15)}) 13... Ng6 14. e5 (14. Qg3 e5 15. Be3 O-O 16. Qf2
Rac8 17. h4 b4 18. Na4 Bxe4 $1 {0-1 Mazi,L-Ribli,Z/Kraig 2003 (49)}) 14... Nd5
15. Nxd5 Bxd5 16. Qe3 Rc8 17. Bd3 O-O 18. h4 f6 {1/2-1/2 Korneev,O-Oms Pallise,
J/Albacete 2000/CBM 78 ext (48)}) 13. Qf2 O-O {Dieser Zug ist sicherer als 13..
.Rb8, wonach Weiß bessere Angriffschancen erhält.} (13... Rb8 14. g4 h6 15. h4
Nc4 16. Bxc4 (16. g5 $1 hxg5 17. Bxc4 bxc4 18. hxg5 Rxh1 19. Rxh1 cxb3 20. axb3
Nd7 21. Rh8+ Nf8 22. Bxg7 $44) 16... bxc4 {1/2-1/2 Morozevich,A-Anand,V/
Dortmund 2001/CBM 85/[Ribli] (38)}) 14. g4 Bb7 $146 {Interessanterweise wurde
dieser logische Entwicklungszug noch nie gespielt.} (14... Nfd7 15. Rg1 Rb8 (
15... Bb7 16. g5 Rfc8 17. a3 Nc4 18. Bxc4 bxc4 19. Nc1 Rab8 20. N1e2 Bc6 21.
Ka1 {1-0 Kasparov,G-Ye Jiangchuan/Bled 2002/EXT 2003 (66)}) 16. f4 Nc4 17. g5
b4 18. Na4 e5 19. Ba7 Ra8 20. Bxc4 Qxc4 21. Nd2 Qc6 22. b3 f5 {1/2-1/2 Hracek,
Z-Goloshchapov,A/Budva SCG 2003/(29)}) (14... b4 15. Na4 Bb7) 15. Bb6 (15. g5
Nfd7 $15) 15... Qb8 16. Na5 Rc8 $13 {Die schwarze Initiative am Damenflügel
scheint gefährlicher zu sein, aber Weiß hat auch seine Chancen am Königsflügel.
} (16... b4 17. Na4 Rc8) 17. Bd4 $2 {Dieser Zug schenkt Schwarz ein wichtiges
Tempo in einer scharfen Stellung.} (17. g5 Nfd7 18. Be3 b4 19. Na4 d5 $13) (17.
Nxb7 Qxb7 18. Bd4 $13) 17... b4 $1 {Schwarz nutzt die Möglichkeit und verjagt
den c3-Springer.} 18. Na4 (18. Ne2 $2 Qc7 $19 {[%cal Rc8c2,Rc7a5]}) (18. Bxe5
bxc3 (18... dxe5 19. Na4 Rc7 $15) 19. Bxf6 Bxf6 20. b3 d5 $17) {[#]} 18... Nxe4
$1 $17 {[%mdl 64] '!' Ftacnik. Ftacnik: 'Pelletier very correctly sensed a
chance to punish his opponent for the uncoordinated stack of knights on the a
file.' Nach diesem schönen Springeropfer bekommt Schwarz die Initiative.} 19.
fxe4 Bxe4 {[%csl Rc2][%cal Re4h1,Re4b1]} 20. Bxe5 (20. Bg2 Bxc2+ 21. Qxc2 Rxc2
22. Kxc2 d5 $17 {Schwarz erhält hier die Dame und drei Bauern für Turm und
zwei Leichtfiguren und die schwarze Bauernmasse im Zentrum ist sehr stark.})
20... Bxc2+ 21. Qxc2 Rxc2 22. Bxd6 (22. Kxc2 Qc7+ 23. Kb3 (23. Kb1 $2 Qxa5 $19
{[%cal Ra5a4,Ra5e5]}) 23... Rc8 24. Nc4 dxe5 $17) 22... Bxd6 (22... Qd8 $5 23.
Bd3 (23. Kxc2 Qxa5 24. Kb3 Rd8 $19) 23... Rcc8 24. Bxb4 (24. Nb7 Qd7 25. Nac5
Rxc5 26. Nxc5 Qxd6 27. Bxh7+ Kxh7 28. Rxd6 Bxd6 29. Ne4 Be7 $19) 24... Bxb4 25.
Bxh7+ Kxh7 26. Rxd8 Rxd8 27. Nc6 a5 28. Nxd8 Rxd8 $17) 23. Kxc2 Qc7+ {[%cal
Rc7a5,Rc7c2]} 24. Kb3 Qxa5 25. Rxd6 {[%mdl 1024] Schwarz hat die Dame und zwei
Bauern gegen den Turm und zwei Leichtfiguren.} Rd8 $1 {Schwarz tauscht die
einzige aktive weiße Figur.} 26. Rxd8+ Qxd8 {[%csl Gd8][%cal Gd8d1] Die Dame
ist sehr aktiv (es droht jetzt 27...Qd5+) auf der d-Linie, während die weiße
Figurenkoordination schlecht ist.} 27. Bc4 (27. Kxb4 $2 Qd5 $19) 27... a5 {
Schwarz verteidigt den b4-Bauern - Weiß kann nur warten, es gibt keinen
aktiven Spielplan.} 28. a3 (28. Nc5 Qd6 29. Na4 Qd4 $19) 28... Qb8 {[%cal
Rb8b3] Droht 29...bxa3+ mit sofortigem Gewinn.} 29. Ka2 bxa3 30. bxa3 Qf4 {
[%csl Gf4][%cal Rf4a4,Rf4g4] Auf diese Weise gewinnt Schwarz einen Bauern.} 31.
Nb2 Qxg4 32. Rd1 g5 {[%csl Ge6,Gf7,Gg5,Gh7] Schwarz mobilisiert seine
Bauernmasse am Königsflügel.} 33. Rd3 Qf4 34. h3 h5 35. Rc3 g4 $19 {'!'
Ftacnik. Der g-Bauer entscheidet die Partie.} 36. hxg4 hxg4 37. Be2 g3 38. Bf3
Qd2 39. Rc4 (39. Rd3 Qc2 $19) 39... f5 40. Rc8+ Kg7 0-1

[Event "Moscow Aeroflot op-A"]
[Site "Moscow"]
[Date "2004.02.17"]
[Round "1"]
[White "Karjakin, Sergey"]
[Black "Ravi, Lanka"]
[Result "1-0"]
[WhiteElo "2566"]
[BlackElo "2462"]
[PlyCount "95"]
[EventDate "2004.02.17"]
[EventType "swiss"]
[EventRounds "9"]
[EventCountry "RUS"]
[SourceTitle "EXT 2005"]
[Source "ChessBase"]
[SourceDate "2004.11.15"]
[SourceVersion "1"]
[SourceVersionDate "2004.11.15"]
[SourceQuality "1"]

1. e4 c5 2. Nf3 d6 3. d4 cxd4 4. Nxd4 Nf6 5. Nc3 a6 6. f3 e5 7. Nb3 Be6 8. Be3
Be7 9. Qd2 Nbd7 10. O-O-O Nb6 11. g4 Rc8 12. g5 Nfd7 13. h4 Qc7 14. h5 f5 15.
g6 h6 16. Kb1 f4 17. Bxb6 Nxb6 18. Bh3 Nc4 19. Qd3 Bxh3 20. Rxh3 Ne3 21. Rd2
Qc4 22. Rh1 Qxd3 23. Rxd3 Kd7 24. Nd5 Nxd5 25. Rxd5 Ke6 26. Rhd1 Rc7 27. Nc1
Rhc8 28. R5d2 b5 29. a3 Rd7 30. Ne2 Bd8 31. Rd3 Ba5 32. b4 Bb6 33. Nc3 Rc6 34.
Nd5 Rb7 35. R1d2 Bd8 36. Rc3 Rxc3 37. Nxc3 Kd7 38. Nd5 a5 39. c4 bxc4 40. Rc2
axb4 41. axb4 Bh4 42. Rxc4 Bf2 43. Kc2 Bg1 44. Kb3 Bc5 45. Rc2 Bd4 46. Ra2 Rb8
47. Ra6 Rc8 48. Rb6 1-0

[Event "Internet Section 06A g/8'+2\""]
[Site "Dos Hermanas"]
[Date "2004.03.06"]
[Round "1"]
[White "Karjakin, Sergey"]
[Black "Seidov, Zakir"]
[Result "1-0"]
[WhiteElo "2562"]
[BlackElo "1985"]
[PlyCount "61"]
[EventDate "2004.03.06"]
[EventType "swiss (blitz)"]
[EventRounds "9"]
[EventCountry "ESP"]
[SourceTitle "CBM 099 Extra"]
[Source "ChessBase"]
[SourceDate "2004.05.04"]
[SourceVersion "1"]
[SourceVersionDate "2004.05.04"]
[SourceQuality "1"]

1. e4 c5 2. Nf3 Nc6 3. d4 cxd4 4. Nxd4 g6 5. c4 Bg7 6. Be3 Nf6 7. Nc3 O-O 8.
Be2 e6 9. Ndb5 a6 10. Nd6 Qa5 11. O-O Ne8 12. c5 Nxd6 13. cxd6 b5 14. Qd2 Re8
15. f4 Qb4 16. e5 Qa5 17. Bf3 Bb7 18. Qf2 Qd8 19. Ne4 Rf8 20. Bb6 Qe8 21. Nf6+
Bxf6 22. exf6 Kh8 23. Rae1 Rg8 24. Qh4 Nd8 25. Bxd8 Qxd8 26. Bxb7 Rb8 27. Rf3
h5 28. Qg5 Rg7 29. fxg7+ Kxg7 30. Qxd8 Rxd8 31. Rc3 1-0

[Event "Internet Section 06A g/8'+2\""]
[Site "Dos Hermanas"]
[Date "2004.03.06"]
[Round "2"]
[White "Kubo, Tsutumo"]
[Black "Karjakin, Sergey"]
[Result "0-1"]
[WhiteElo "2250"]
[BlackElo "2562"]
[PlyCount "84"]
[EventDate "2004.03.06"]
[EventType "swiss (blitz)"]
[EventRounds "9"]
[EventCountry "ESP"]
[SourceTitle "CBM 099 Extra"]
[Source "ChessBase"]
[SourceDate "2004.05.04"]
[SourceVersion "1"]
[SourceVersionDate "2004.05.04"]
[SourceQuality "1"]

1. d4 d5 2. c4 c6 3. e3 Nf6 4. Nc3 a6 5. f4 e6 6. Nf3 dxc4 7. Bxc4 b5 8. Bb3 c5
9. O-O Be7 10. Kh1 O-O 11. a4 b4 12. Ne2 Bb7 13. Ne5 Nc6 14. Qe1 cxd4 15. Nxc6
Bxc6 16. Nxd4 Bd5 17. Bd2 Bxb3 18. Nxb3 Qd3 19. Nd4 a5 20. Rd1 Qe4 21. Qg3 Rfd8
22. Qf3 Rac8 23. Bc1 Bc5 24. Nb3 Bb6 25. Rxd8+ Rxd8 26. Rd1 Rxd1+ 27. Qxd1 Nd5
28. Nd4 Bxd4 29. Qxd4 Qc2 30. Qd2 Qxd2 31. Bxd2 Nb6 32. b3 Nd7 33. e4 Nc5 34.
Be3 Nxb3 35. Bb6 Nd2 36. Bxa5 b3 37. Bc3 Nxe4 38. Bb2 Nf2+ 39. Kg1 Nd3 40. a5
Nxb2 41. a6 Nc4 42. a7 Nb6 0-1

[Event "Internet Section 06A g/8'+2\""]
[Site "Dos Hermanas"]
[Date "2004.03.06"]
[Round "3"]
[White "Karjakin, Sergey"]
[Black "Gontcharov, Vladislav"]
[Result "1-0"]
[WhiteElo "2562"]
[BlackElo "2359"]
[PlyCount "131"]
[EventDate "2004.03.06"]
[EventType "swiss (blitz)"]
[EventRounds "9"]
[EventCountry "ESP"]
[SourceTitle "CBM 099 Extra"]
[Source "ChessBase"]
[SourceDate "2004.05.04"]
[SourceVersion "1"]
[SourceVersionDate "2004.05.04"]
[SourceQuality "1"]

1. e4 e6 2. d4 d5 3. Nc3 Bb4 4. e5 b6 5. a3 Bxc3+ 6. bxc3 Qd7 7. a4 Ba6 8. Bxa6
Nxa6 9. Nf3 c5 10. Qd3 c4 11. Qe2 Ne7 12. O-O Nb8 13. g3 Nbc6 14. Nh4 O-O 15.
Ba3 f5 16. exf6 Rxf6 17. f4 Nf5 18. Nf3 Nd6 19. Nd2 a6 20. Kg2 Rb8 21. Qe3 Nf5
22. Qf3 b5 23. axb5 axb5 24. Bc5 b4 25. Rfb1 Rc8 26. Ra6 bxc3 27. Qxc3 h6 28.
Rab6 Rf7 29. Nf3 Kh7 30. Qe1 Nfe7 31. c3 Ng8 32. R1b2 Nf6 33. Qb1+ Kg8 34. Rb7
Qe8 35. Nd2 Rxb7 36. Rxb7 Rb8 37. Bd6 Rxb7 38. Qxb7 Qd7 39. Qa8+ Kh7 40. Bc5
Ne7 41. Qa1 Nf5 42. Qb1 g6 43. h3 h5 44. Qb8 Ne4 45. Nxe4 dxe4 46. g4 hxg4 47.
hxg4 Ne3+ 48. Kg3 Nd5 49. Bd6 Kg7 50. Be5+ Kf7 51. Qh8 Nxc3 52. Qg7+ Ke8 53.
Qg8+ Ke7 54. Qxg6 Qe8 55. Qh7+ Qf7 56. Bf6+ Ke8 57. Qh8+ Kd7 58. Qd8+ Kc6 59.
Qc8+ Kb5 60. Qc5+ Ka6 61. Qxc4+ Nb5 62. Qc6+ Ka5 63. Bd8+ Kb4 64. Qc5+ Ka4 65.
Qc4+ Ka3 66. Qxb5 1-0

[Event "Internet Section 06A g/8'+2\""]
[Site "Dos Hermanas"]
[Date "2004.03.06"]
[Round "4"]
[White "Gonzalez Rodriguez, Jorge Armando"]
[Black "Karjakin, Sergey"]
[Result "1/2-1/2"]
[WhiteElo "2346"]
[BlackElo "2562"]
[PlyCount "119"]
[EventDate "2004.03.06"]
[EventType "swiss (blitz)"]
[EventRounds "9"]
[EventCountry "ESP"]
[SourceTitle "CBM 099 Extra"]
[Source "ChessBase"]
[SourceDate "2004.05.04"]
[SourceVersion "1"]
[SourceVersionDate "2004.05.04"]
[SourceQuality "1"]

1. b3 e5 2. Bb2 Nc6 3. e3 Nf6 4. Nf3 e4 5. Ne5 Bd6 6. Ng4 Be7 7. Nxf6+ Bxf6 8.
Bxf6 Qxf6 9. Nc3 Qe5 10. Bc4 O-O 11. Bd5 Ne7 12. Bxe4 d5 13. d4 Qd6 14. Bf3 c6
15. O-O Ng6 16. e4 Qb4 17. Qd3 dxe4 18. Nxe4 Nf4 19. Qe3 Nd5 20. Qd2 Qxd2 21.
Nxd2 Nb4 22. c3 Nd5 23. Bxd5 cxd5 24. Rfe1 Be6 25. Re3 Rac8 26. Rc1 b5 27. Kf1
Rc6 28. Ke2 Rfc8 29. a3 Kf8 30. Kd1 Ra6 31. Ra1 Bf5 32. Nf3 f6 33. Kd2 Kf7 34.
Ne1 Rac6 35. a4 Ra6 36. a5 Rac6 37. b4 a6 38. Rc1 Re6 39. Rxe6 Kxe6 40. h3 g5
41. g4 Bg6 42. Nd3 Bxd3 43. Kxd3 Kf7 44. h4 h6 45. Rh1 Kg6 46. h5+ Kf7 47. Re1
Re8 48. Rxe8 Kxe8 49. Ke3 Ke7 50. Kf3 Ke6 51. Kg3 Kd6 52. f3 Ke6 53. f4 Kd6 54.
f5 Kc6 55. Kf3 Kd6 56. Ke3 Kc6 57. Ke2 Kd6 58. Kd2 Kc6 59. Kd3 Kd6 60. Kd2
1/2-1/2

[Event "Internet Section 06A g/8'+2\""]
[Site "Dos Hermanas"]
[Date "2004.03.06"]
[Round "5"]
[White "Karjakin, Sergey"]
[Black "Pivnik, Vladimir"]
[Result "1/2-1/2"]
[WhiteElo "2562"]
[BlackElo "2524"]
[PlyCount "103"]
[EventDate "2004.03.06"]
[EventType "swiss (blitz)"]
[EventRounds "9"]
[EventCountry "ESP"]
[SourceTitle "CBM 099 Extra"]
[Source "ChessBase"]
[SourceDate "2004.05.04"]
[SourceVersion "1"]
[SourceVersionDate "2004.05.04"]
[SourceQuality "1"]

1. e4 e5 2. Nf3 d6 3. d4 Nd7 4. Bc4 c6 5. O-O Be7 6. dxe5 dxe5 7. Ng5 Bxg5 8.
Qh5 Qe7 9. Qxg5 Ngf6 10. Qxg7 Rg8 11. Qh6 Nxe4 12. Nc3 Nd6 13. Bb3 Nf6 14. Bg5
Rg6 15. Bxf6 Qxf6 16. Qe3 Nf5 17. Qf3 Qg7 18. g3 Nd4 19. Qe3 Bh3 20. Rfe1 O-O-O
21. Ne2 Be6 22. Nxd4 exd4 23. Qf4 Rf6 24. Qe4 h5 25. Rad1 Bxb3 26. axb3 Re6 27.
Qf5 Rd5 28. Qf4 Rd7 29. Re4 Rxe4 30. Qxe4 Qg4 31. Qd3 h4 32. Re1 hxg3 33. hxg3
Kc7 34. Re4 Qg7 35. Kg2 Qf6 36. Rf4 Qe5 37. Qf3 Qe6 38. Rf6 Qe7 39. Qf4+ Kb6
40. g4 Qc5 41. Qf5 Qxf5 42. Rxf5 a5 43. f4 c5 44. Kf2 Re7 45. g5 Kc6 46. Kf3
Kd6 47. Rf6+ Kd5 48. Rf5+ Kc6 49. Rf6+ Kd5 50. Rf5+ Kc6 51. Rf6+ Kd5 52. Rf5+
1/2-1/2

[Event "Internet Section 06A g/8'+2\""]
[Site "Dos Hermanas"]
[Date "2004.03.06"]
[Round "6"]
[White "Denton, Bradley"]
[Black "Karjakin, Sergey"]
[Result "1/2-1/2"]
[WhiteElo "2510"]
[BlackElo "2562"]
[PlyCount "135"]
[EventDate "2004.03.06"]
[EventType "swiss (blitz)"]
[EventRounds "9"]
[EventCountry "ESP"]
[SourceTitle "CBM 099 Extra"]
[Source "ChessBase"]
[SourceDate "2004.05.04"]
[SourceVersion "1"]
[SourceVersionDate "2004.05.04"]
[SourceQuality "1"]

1. e4 c5 2. c3 d5 3. exd5 Qxd5 4. d4 Nf6 5. Nf3 Bg4 6. Qa4+ Bd7 7. Qb3 cxd4 8.
Nxd4 Nc6 9. Be3 Nxd4 10. Bxd4 Bc6 11. Nd2 Qxb3 12. axb3 a6 13. b4 O-O-O 14. Nc4
e6 15. Ne5 Be8 16. b5 Bd6 17. bxa6 bxa6 18. Bxa6+ Kc7 19. O-O Nd5 20. Nc4 Bc6
21. Ne5 Be8 22. Be2 f6 23. Nc4 Kb8 24. Bf3 Bc7 25. Ne3 Bc6 26. Nxd5 Bxd5 27.
Bxd5 Rxd5 28. Ra6 e5 29. Be3 Rhd8 30. g3 Kb7 31. Ra7+ Kb8 32. Kg2 Rd1 33. Rxd1
Rxd1 34. Ra4 f5 35. Kf3 h6 36. h4 Rb1 37. Rb4+ Kc8 38. Bc5 g5 39. hxg5 hxg5 40.
Be7 g4+ 41. Ke2 f4 42. Bg5 Bd6 43. Rc4+ Kd7 44. gxf4 Rxb2+ 45. Ke1 Ke6 46. fxe5
Bxe5 47. Bd2 g3 48. fxg3 Bxg3+ 49. Kd1 Be5 50. Kc1 Rb7 51. Kc2 Rc7 52. Re4 Kd5
53. Ra4 Rb7 54. Kd3 Bc7 55. Rh4 Be5 56. Rh5 Ke6 57. Be3 Rb3 58. Rh6+ Kd7 59.
Bd2 Ra3 60. Kc4 Kc7 61. Re6 Bd6 62. Bh6 Ra4+ 63. Kb5 Ra1 64. Bg7 Rg1 65. Bd4
Rg5+ 66. Kc4 Ra5 67. Rg6 Rh5 68. Re6 1/2-1/2

[Event "Internet Section 06A g/8'+2\""]
[Site "Dos Hermanas"]
[Date "2004.03.06"]
[Round "7"]
[White "Karjakin, Sergey"]
[Black "Gueler, Nuh Metin"]
[Result "1-0"]
[WhiteElo "2562"]
[BlackElo "2492"]
[PlyCount "89"]
[EventDate "2004.03.06"]
[EventType "swiss (blitz)"]
[EventRounds "9"]
[EventCountry "ESP"]
[SourceTitle "CBM 099 Extra"]
[Source "ChessBase"]
[SourceDate "2004.05.04"]
[SourceVersion "1"]
[SourceVersionDate "2004.05.04"]
[SourceQuality "1"]

1. e4 c5 2. Nf3 d6 3. d4 cxd4 4. Nxd4 Nf6 5. Nc3 a6 6. f3 e5 7. Nb3 Be6 8. Be3
Be7 9. Qd2 O-O 10. O-O-O Nbd7 11. g4 b5 12. g5 Nh5 13. Kb1 Nb6 14. Nd5 Bxd5 15.
exd5 Qc7 16. Na5 Nxd5 17. Qxd5 Qxa5 18. c4 Rab8 19. Rg1 Qa4 20. cxb5 Nf4 21.
Bxf4 exf4 22. b3 Qb4 23. bxa6 Qc3 24. Bd3 Rbe8 25. Rge1 Bf6 26. gxf6 Rxe1 27.
Bc4 Rxd1+ 28. Qxd1 Qxf6 29. Qd5 Qc3 30. h4 Qe1+ 31. Kb2 Qxh4 32. Ka3 Qe7 33. b4
Qe3+ 34. Bb3 Qb6 35. b5 h6 36. Ka4 Kh8 37. Qc6 Qxc6 38. bxc6 Rc8 39. Kb5 g5 40.
a7 g4 41. fxg4 f3 42. Bc4 f5 43. gxf5 Kg7 44. Kb6 d5 45. Bf1 1-0

[Event "Internet Section 06A g/8'+2\""]
[Site "Dos Hermanas"]
[Date "2004.03.06"]
[Round "9"]
[White "Karjakin, Sergey"]
[Black "Grabliauskas, Virginijus"]
[Result "1-0"]
[WhiteElo "2562"]
[BlackElo "2436"]
[PlyCount "109"]
[EventDate "2004.03.06"]
[EventType "swiss (blitz)"]
[EventRounds "9"]
[EventCountry "ESP"]
[SourceTitle "CBM 099 Extra"]
[Source "ChessBase"]
[SourceDate "2004.05.04"]
[SourceVersion "1"]
[SourceVersionDate "2004.05.04"]
[SourceQuality "1"]

1. e4 c5 2. Nf3 e6 3. d4 cxd4 4. Nxd4 Nc6 5. Nc3 Qc7 6. Be3 a6 7. Qd2 Nf6 8.
O-O-O Bb4 9. f3 Ne5 10. Nb3 b5 11. Qe1 Be7 12. f4 Nc4 13. e5 Ng4 14. Bd4 Bb7
15. Bd3 f5 16. h3 Nh6 17. Rg1 Rc8 18. g4 b4 19. Na4 Bf3 20. gxf5 Nxf5 21. Bxf5
exf5 22. Nac5 Bxd1 23. Qxd1 O-O 24. Nxd7 Rfd8 25. e6 Qxf4+ 26. Kb1 g6 27. Ka1
Ne3 28. Bxe3 Qxe3 29. Nd4 Rc4 30. Nxf5 Qxe6 31. Nxe7+ Qxe7 32. Qd5+ Kg7 33.
Qxc4 Qxd7 34. Qf1 Qd2 35. Kb1 a5 36. Qf3 a4 37. a3 bxa3 38. Qxa3 Qd7 39. Rg4
Qd1+ 40. Ka2 Qd5+ 41. c4 Qd7 42. Rg5 Rb8 43. Rd5 Qe8 44. h4 Kh6 45. Qg3 a3 46.
b3 Qe2+ 47. Kxa3 Ra8+ 48. Kb4 Qe7+ 49. Kc3 Qf6+ 50. Rd4 Qe6 51. Qf4+ Kg7 52.
Re4 Qd7 53. Qe5+ Kh6 54. Qg5+ Kg7 55. Re7+ 1-0

[Event "Dos Hermanas op 4th"]
[Site "Dos Hermanas"]
[Date "2004.03.27"]
[Round "3"]
[White "Karjakin, Sergey"]
[Black "Khamrakulov, Ibragim S"]
[Result "1/2-1/2"]
[WhiteElo "2566"]
[BlackElo "2452"]
[PlyCount "68"]
[EventDate "2004.03.25"]
[EventType "swiss"]
[EventRounds "9"]
[EventCountry "ESP"]
[SourceTitle "CBM 099 Extra"]
[Source "ChessBase"]
[SourceDate "2004.05.04"]
[SourceVersion "1"]
[SourceVersionDate "2004.05.04"]
[SourceQuality "1"]

1. e4 c5 2. Nf3 a6 3. c3 d5 4. exd5 Qxd5 5. d4 Nf6 6. Be2 cxd4 7. cxd4 g6 8.
Nc3 Qd8 9. O-O Bg7 10. Ne5 O-O 11. Bf3 Ne8 12. Bf4 Nd6 13. Qd2 Nf5 14. Rad1 Nd7
15. Rfe1 Nh4 16. Bd5 Nf6 17. Bb3 Nf5 18. Re2 b5 19. a4 Qb6 20. Qd3 Bb7 21. axb5
Rad8 22. Nc4 Qxd4 23. Qxd4 Rxd4 24. Rxd4 Nxd4 25. Rxe7 Bd5 26. bxa6 Nxb3 27.
Nb6 Bc6 28. Rc7 Nd4 29. a7 Ne4 30. f3 Nxc3 31. bxc3 Ba8 32. Nxa8 Rxa8 33. cxd4
Bxd4+ 34. Kf1 Rxa7 1/2-1/2

[Event "Dos Hermanas op 4th"]
[Site "Dos Hermanas"]
[Date "2004.03.31"]
[Round "7"]
[White "Karjakin, Sergey"]
[Black "Del Rio de Angelis, Salvador Gabriel"]
[Result "1-0"]
[WhiteElo "2566"]
[BlackElo "2504"]
[PlyCount "95"]
[EventDate "2004.03.25"]
[EventType "swiss"]
[EventRounds "9"]
[EventCountry "ESP"]
[SourceTitle "CBM 099 Extra"]
[Source "ChessBase"]
[SourceDate "2004.05.04"]
[SourceVersion "1"]
[SourceVersionDate "2004.05.04"]
[SourceQuality "1"]

1. e4 e6 2. d4 d5 3. Nc3 Bb4 4. e5 c5 5. a3 Bxc3+ 6. bxc3 Ne7 7. Qg4 O-O 8. Bd3
f5 9. exf6 Rxf6 10. Bg5 e5 11. Qh4 e4 12. Bxf6 gxf6 13. Be2 Qa5 14. Qg3+ Kh8
15. Rd1 Nbc6 16. Qd6 Qxc3+ 17. Kf1 Bf5 18. g4 Bg6 19. h4 Rf8 20. Qxc5 Qxc5 21.
dxc5 d4 22. Bc4 Ne5 23. Be6 d3 24. cxd3 Nxd3 25. Ne2 Be8 26. Bc4 Ne5 27. Be6
Nd3 28. Bc4 Ne5 29. Rd4 f5 30. Be6 Bb5 31. a4 Ba6 32. gxf5 Nf3 33. Kg2 Nxd4 34.
Nxd4 Kg7 35. Kg3 Rd8 36. Nb5 Bxb5 37. axb5 Kf6 38. Kf4 Rd4 39. Rc1 Rb4 40. c6
e3+ 41. Kxe3 Rxb5 42. c7 a5 43. c8=Q Nxc8 44. Rxc8 a4 45. Rf8+ Kg7 46. Rf7+ Kh6
47. Rd7 Rb2 48. f6 1-0